| 000 | 00916nam a2200265 a 4500 | ||
|---|---|---|---|
| 003 | DO-SdBNP | ||
| 005 | 20221122110220.0 | ||
| 007 | ta | ||
| 008 | 221122e2020 dr ||||gr|||| 001 e spa d | ||
| 020 | _a9789945883855 | ||
| 040 |
_aDO-SdBNP _bspa _cBNPHU |
||
| 082 | 4 |
_222 _bI19m |
|
| 245 | 1 | 0 |
_aIdeas en movimiento: _bjoven ensayística puertoplateña. / |
| 264 |
_aPuerto Plata, República Dominicana : _bSociedad Cultural Renovación, _c2020 |
||
| 300 |
_a53 p. : _c27 cm. |
||
| 490 | _aPor Nuestro País Primero | ||
| 500 | _aConcurso Literario por Nuestro País Primero 2020. | ||
| 500 | _a Incluye veredicto, p. 54 - 55 | ||
| 586 | _aPremio José Dubeau. Ensayo 13 a 18 años. | ||
| 590 | _aInventariado 2022 / MF | ||
| 650 | 4 |
_978488 _aLiteratura _vEnsayo _xConcurso _zRepública Dominicana |
|
| 650 | 4 |
_978415 _aEnsayo Literario _vConcruso _zRepública Dominicana |
|
| 910 | _aMfeliz | ||
| 942 |
_2ddc _cLBS1 |
||
| 999 |
_c52984 _d52984 |
||